| 000 | 00768cam a2200193 4500 | ||
|---|---|---|---|
| 001 | WB3902-07 | ||
| 008 | 030114n2003 000 0 eng u | ||
| 035 | _a(Sirsi) u121008 | ||
| 245 | _aProperty bears seasonal drop | ||
| 260 | _c2003 | ||
| 490 |
_aProperty Week _v68(1) 10 January 2003, 21(1) |
||
| 520 | _aThe FTSE Real Estate Index showed that property shares followed the same pattern as the All Share Index in the last three weeks to 3 January 2003, with 2002 considered the worst year for stocks since 1974 and the end of a three year bear market, the worst since the Great Depression of 1929-1931. | ||
| 590 | _aWB | ||
| 650 | _aPROPERTY SHARES | ||
| 650 | _aSTOCK MARKETS | ||
| 650 | _aSTOCKS | ||
| 690 | _aPROPERTY-COMMERCIAL PROPERTY | ||
| 942 | _n0 | ||
| 999 |
_c71908 _d71908 |
||